| 000 | 00441nam a22001697a 4500 | ||
|---|---|---|---|
| 999 |
_c523740 _d523740 |
||
| 003 | NUST | ||
| 038 | _awaseem | ||
| 082 |
_a891.4393 _bMUR |
||
| 100 |
_aMura Saki _914513 |
||
| 245 |
_aGunji Ki Kahani / _cMura Saki |
||
| 260 |
_aNew Delhi : _bSathiya Academy, _cN.D. |
||
| 300 | _a368 p. ; | ||
| 500 | _aHardcover. | ||
| 880 |
_6100-02\r _aلیڈی موراساکی |
||
| 880 |
_6245-02\r _aگنجیِ کی کہانی / |
||
| 942 |
_2ddc _cBK |
||